5 Smallest US State Capitals by Area IN ORDER - Statistics

General Stats
  • This quiz has been taken 12 times
  • The average score is 3 of 5
Answer Stats
Sq Miles Answer % Correct
6.73 Annapolis
80%
7.66 Trenton
80%
10.2 Montpelier
70%
8.11 Harrisburg
50%
13 Pierre
40%
No matching quizzes found
Score Distribution
Percent of People with Each Score
Percentile by Number Answered
Your Score History
You have not taken this quiz